000
00320nam a22001457a 4500
020
_a
1843621584
082
_a
823
_b
WIL/G
100
_a
WIILIS, JEANNE
245
_a
CABBY
_b
THE CAMPIE CABBIE
260
_a
AUSTRALIA
_b
ORCHARD BOOKS
_c
2005
300
_a
48
520
_a
SHORT STORY
650
_a
SHORT STORY
942
_c
BK
999
_c
6592
_d
6592